Switzerland's Role as an International Financial Center /

This paper was prepared by Benedicte Vibe Christensen in the European Department of the International Monetary Fund under the direction of Gyorgy Szapary. It describes developments in international financial transactions conducted through the Swiss banking system until December 1985.

التفاصيل البيبلوغرافية
المؤلف الرئيسي: Christensen, Benedicte
التنسيق: دورية
اللغة:English
منشور في: Washington, D.C. : International Monetary Fund, 1986.
سلاسل:Occasional Papers; Occasional Paper ; No. 1986/004
الوصول للمادة أونلاين:Full text available on IMF
LEADER 01351cas a2200241 a 4500
001 AALejournalIMF007888
008 230101c9999 xx r poo 0 0eng d
020 |c 15.00 USD 
020 |z 9780939934744 
022 |a 0251-6365 
040 |a BD-DhAAL  |c BD-DhAAL 
100 1 |a Christensen, Benedicte. 
245 1 0 |a Switzerland's Role as an International Financial Center /  |c Benedicte Christensen. 
264 1 |a Washington, D.C. :  |b International Monetary Fund,  |c 1986. 
300 |a 1 online resource (45 pages) 
490 1 |a Occasional Papers 
500 |a <strong>Off-Campus Access:</strong> No User ID or Password Required 
500 |a <strong>On-Campus Access:</strong> No User ID or Password Required 
506 |a Electronic access restricted to authorized BRAC University faculty, staff and students 
520 3 |a This paper was prepared by Benedicte Vibe Christensen in the European Department of the International Monetary Fund under the direction of Gyorgy Szapary. It describes developments in international financial transactions conducted through the Swiss banking system until December 1985. 
538 |a Mode of access: Internet 
830 0 |a Occasional Papers; Occasional Paper ;  |v No. 1986/004 
856 4 0 |z Full text available on IMF  |u http://elibrary.imf.org/view/books/084/06645-9780939934744-en/06645-9780939934744-en-book.xml  |z IMF e-Library